Central Library OPAC University of Rajshahi

England, 1870-1914 / (Record no. 24672)

MARC details
000 -LEADER
fixed length control field 00890cam a22002651 4500
001 - CONTROL NUMBER
control field 24672
003 - CONTROL NUMBER IDENTIFIER
rucl marc code BD-RjUL
005 - DATE AND TIME OF LATEST TRANSACTION
control field 20211209001101.0
008 - FIXED-LENGTH DATA ELEMENTS--GENERAL INFORMATION
fixed length control field 140315r19681936enkb b 001 0 eng
035 ## - SYSTEM CONTROL NUMBER
System control number (BD-RjUL)24741
040 ## - CATALOGING SOURCE
Original cataloging agency DLC
Transcribing agency DLC
Modifying agency DLC
-- BD-RjUL
Language of cataloging eng
041 ## - LANGUAGE CODE
Language code of text/sound track or separate title eng
082 00 - DEWEY DECIMAL CLASSIFICATION NUMBER
Classification number 942.08
Author mark and year ENE
100 1# - MAIN ENTRY--PERSONAL NAME
Personal name Ensor, R. C. K.
Fuller form of name (Robert Charles Kirkwood),
Dates associated with a name 1877-1958.
9 (RLIN) 75933
245 00 - TITLE STATEMENT
Title England, 1870-1914 /
Statement of responsibility, etc. by R. C. K. Ensor.
260 ## - PUBLICATION, DISTRIBUTION, ETC. (IMPRINT)
Place of publication, distribution, etc. Oxford :
Name of publisher, distributor, etc. The Clarendon press,
Date of publication, distribution, etc. 1936 [reprinted 1968]
300 ## - PHYSICAL DESCRIPTION
Pagination xxiii, 634 p., 1 l. :
Illustrations 7 fold. maps. ;
Size 23 cm.
504 ## - BIBLIOGRAPHY, ETC. NOTE
Bibliography, etc Includes Bibliography: p. [576]-605 and index.
651 #0 - SUBJECT ADDED ENTRY--GEOGRAPHIC NAME
Geographic name Great Britain
General subdivision History
Chronological subdivision Victoria, 1837-1901.
9 (RLIN) 75935
Geographic name Great Britain
General subdivision History
Chronological subdivision 20th century.
9 (RLIN) 17470
942 ## - ADDED ENTRY ELEMENTS (KOHA)
Source of classification or shelving scheme Dewey Decimal Classification
Koha item type Books
Holdings
Lost status Source of classification or shelving scheme Damaged status Not for loan Collection code Permanent Location Current Location Shelving location Date acquired Source of acquisition Cost, normal purchase price Total Checkouts Full call number Date last seen Copy number Koha item type
  Dewey Decimal Classification     Non-fiction Central Library, University of Rajshahi Central Library, University of Rajshahi   22/09/1970 Zeitlinger 42.00   942.08 ENE 1968 15/03/2014 C-10 Books
  Dewey Decimal Classification     Non-fiction Central Library, University of Rajshahi Central Library, University of Rajshahi   23/06/1955 O. U. P. 14.10   942.08 ENE 1952 15/03/2014 C-4 Books
  Dewey Decimal Classification     Non-fiction Central Library, University of Rajshahi Central Library, University of Rajshahi   14/03/1973 BRITISE CON..     942.08 ENE 1960 15/03/2014 C-12 Books
  Dewey Decimal Classification   Added to bundle Non-fiction Central Library, University of Rajshahi Central Library, University of Rajshahi Reading Room 29/09/1956 Black Well 14.00   942.08 ENE 1952 15/03/2014 C-1 Books
  Dewey Decimal Classification     Non-fiction Central Library, University of Rajshahi Central Library, University of Rajshahi   06/02/1963 Zeitlinger 35.00   942.08 ENE 1960 15/03/2014 C-9 Books